[Event "29th Avoine Open 2014"]
[Site "Avoine FRA"]
[Date "2014.07.26"]
[Round "8.3"]
[White "Greenfeld, Alon"]
[Black "Godart, Francois"]
[Result "1-0"]
[WhiteTitle "GM"]
[BlackTitle "FM"]
[WhiteElo "2540"]
[BlackElo "2399"]
[WhiteFideId "2800039"]
[BlackFideId "208078"]
[EventDate "2014.07.19"]

1. d4 Nf6 2. Nf3 e6 3. c4 d5 4. Nc3 dxc4 5. e3 a6 6. a4 b6 7. Bxc4 Bb7 8. O-O
Bb4 9. Qb3 Qe7 10. e4 Nxe4 11. Nxe4 Bxe4 12. d5 O-O 13. dxe6 Nc6 14. exf7+ Kh8
15. Bg5 Qc5 16. Be3 Qe7 17. Ng5 Na5 18. Qa2 Nxc4 19. Qxc4 Bg6 20. Qh4 c5 21.
Rad1 h6 22. Qh3 Qf6 23. Rd5 Bxf7 24. Nxf7+ Rxf7 25. b3 Re8 26. Rfd1 Rfe7 27. Qh5
Bc3 28. g3 Kh7 29. Rd6 Re6 30. Rd7 Re5 31. Qe2 Qf5 32. Qd3 Bd4 33. Bxd4 cxd4 34.
Rxd4 Qxd3 35. R1xd3 Rf8 36. Kg2 Re2 37. Rf3 Rxf3 38. Kxf3 Rb2 39. Rb4 b5 40.
axb5 a5 41. b6 1-0

[Event "29th Avoine Open 2014"]
[Site "Avoine FRA"]
[Date "2014.07.26"]
[Round "8.4"]
[White "Aubry, Yannis"]
[Black "Colin, Vincent"]
[Result "0-1"]
[BlackTitle "IM"]
[WhiteElo "2255"]
[BlackElo "2435"]
[WhiteFideId "20642407"]
[BlackFideId "612324"]
[EventDate "2014.07.19"]

1. c4 e5 2. Nc3 Nc6 3. Nf3 f5 4. d4 e4 5. Ng5 Bb4 6. Nh3 Nf6 7. Bd2 Nxd4 8. Nxe4
Bxd2+ 9. Qxd2 Nxe4 10. Qxd4 Qe7 11. O-O-O O-O 12. f3 Nf6 13. Nf4 d6 14. h4 a5
15. h5 a4 16. c5 dxc5 17. Qc4+ Rf7 18. e4 fxe4 19. g4 exf3 20. g5 Qe3+ 21. Kb1
Bf5+ 22. Ka1 b5 23. Nd5 Qxg5 24. Ne7+ Kf8 25. Qxc5 Rxe7 26. Bd3 a3 27. Bxf5
axb2+ 28. Kxb2 Ne4 29. Qd5 Qf6+ 30. Rd4 c6 0-1

[Event "29th Avoine Open 2014"]
[Site "Avoine FRA"]
[Date "2014.07.26"]
[Round "8.5"]
[White "Inkiov, Ventzislav"]
[Black "Kirk, Ezra"]
[Result "1-0"]
[WhiteTitle "GM"]
[BlackTitle "FM"]
[WhiteElo "2428"]
[BlackElo "2308"]
[WhiteFideId "2900033"]
[BlackFideId "600067"]
[EventDate "2014.07.19"]

1. d4 Nf6 2. c4 g6 3. Nc3 Bg7 4. e4 d6 5. f4 O-O 6. Nf3 c5 7. d5 e6 8. dxe6 Bxe6
9. Bd3 Bg4 10. O-O Nc6 11. h3 Bxf3 12. Qxf3 a6 13. Be3 Nd7 14. Rad1 Re8 15. Kh1
Rb8 16. e5 Nd4 17. Bxd4 cxd4 18. Ne4 dxe5 19. f5 Rf8 20. f6 Bh6 21. Qg3 Re8 22.
Qh4 Bg7 23. Ng5 Nxf6 24. Rxf6 Qxf6 25. Rf1 h6 26. Rxf6 hxg5 27. Qxg5 Bxf6 28.
Qxf6 e4 29. Bxe4 Rxe4 30. Qd6 Rbe8 31. Kh2 Kg7 32. b4 Kh7 33. a4 R8e6 34. Qd7
Re7 35. Qd8 Re8 36. Qd5 R8e7 37. a5 Rf4 38. b5 Rf5 39. Qxd4 axb5 40. Qh4+ Kg7
41. Qxe7 bxc4 42. Qb4 Rg5 43. Kg1 1-0

[Event "29th Avoine Open 2014"]
[Site "Avoine FRA"]
[Date "2014.07.26"]
[Round "8.6"]
[White "Sgircea, Silvia-Raluca"]
[Black "Song, Julien"]
[Result "1/2-1/2"]
[WhiteTitle "WIM"]
[BlackTitle "IM"]
[WhiteElo "2207"]
[BlackElo "2417"]
[WhiteFideId "1213776"]
[BlackFideId "659487"]
[EventDate "2014.07.19"]

1. Nf3 f5 2. c4 Nf6 3. g3 e6 4. Bg2 Be7 5. O-O O-O 6. d4 d6 7. Nc3 Ne4 8. Nxe4
fxe4 9. Nd2 d5 10. f3 Bf6 11. e3 exf3 12. Nxf3 Nc6 13. Bd2 a5 14. Qe2 Qd6 15.
Rac1 Bd7 16. Bc3 Be8 17. Ne5 Rd8 18. Rcd1 b6 19. Ng4 Be7 20. Nf2 Bg6 21. e4 Kh8
22. exd5 exd5 23. Bxd5 Nb4 24. Bxb4 axb4 25. Ng4 Bh5 26. Bf3 Bxg4 27. Bxg4 Rxf1+
28. Kxf1 Bf6 29. d5 Qe5 1/2-1/2

[Event "29th Avoine Open 2014"]
[Site "Avoine FRA"]
[Date "2014.07.26"]
[Round "8.7"]
[White "Sochacki, Christophe"]
[Black "Gerard, Nicolas"]
[Result "1/2-1/2"]
[WhiteTitle "IM"]
[BlackTitle "FM"]
[WhiteElo "2449"]
[BlackElo "2251"]
[WhiteFideId "662569"]
[BlackFideId "605000"]
[EventDate "2014.07.19"]

1. e4 e5 2. Nf3 Nf6 3. d3 Nc6 4. Be2 Be7 5. O-O O-O 6. c3 d5 7. Qc2 h6 8. Nbd2
Be6 9. Re1 Re8 10. b4 a6 11. a3 d4 12. Bb2 Rc8 13. Rac1 Bd6 14. h3 dxc3 15. Bxc3
Qe7 16. Qb2 Nd7 17. Nc4 f6 18. Ne3 Nb6 19. Qd2 Rcd8 20. Nh4 Qf7 21. Nef5 Bf8 22.
Qe3 Kh7 23. Bd2 Rd7 24. Ng3 Ne7 25. Rf1 Red8 26. Rc2 g6 27. Rfc1 Nc6 28. Nf3 Bb3
29. Rb2 Na4 30. Rbb1 Ba2 31. Ra1 Nb6 32. Bf1 Be6 33. Qe1 Na4 34. Rab1 Ba2 35.
Ra1 Be6 36. Rab1 Ba2 37. Ra1 1/2-1/2

[Event "29th Avoine Open 2014"]
[Site "Avoine FRA"]
[Date "2014.07.26"]
[Round "8.8"]
[White "Vedmediuc, Serghei"]
[Black "Kambrath, Yannick"]
[Result "1-0"]
[WhiteTitle "IM"]
[BlackTitle "FM"]
[WhiteElo "2430"]
[BlackElo "2259"]
[WhiteFideId "13900790"]
[BlackFideId "20632525"]
[EventDate "2014.07.19"]

1. d4 Nf6 2. c4 g6 3. Nc3 Bg7 4. e4 d6 5. Nf3 O-O 6. Be2 e5 7. O-O Nc6 8. d5 Ne7
9. Ne1 Nd7 10. Be3 f5 11. f3 f4 12. Bf2 g5 13. Rc1 Rf6 14. Nd3 b6 15. b4 Rh6 16.
c5 a6 17. cxd6 cxd6 18. Be1 Rg6 19. b5 a5 20. Na4 h5 21. h3 Kh8 22. Rc6 Nxc6 23.
dxc6 Nf8 24. Ndb2 g4 25. fxg4 hxg4 26. Bxg4 Bxg4 27. hxg4 Ne6 28. Bf2 Nd4 29.
Bxd4 exd4 30. Rf3 d3 31. Rh3+ Rh6 32. Qxd3 f3 33. Rxh6+ Bxh6 34. gxf3 Qg5 35.
Kg2 Rf8 36. Nxb6 Qf4 37. c7 Bg7 38. c8=Q Rxc8 39. Nxc8 Be5 40. Nc4 Qh2+ 41. Kf1
Bg3 42. Qd4+ Kh7 43. Nd2 Qh3+ 44. Ke2 1-0

[Event "29th Avoine Open 2014"]
[Site "Avoine FRA"]
[Date "2014.07.26"]
[Round "8.9"]
[White "Ollier, Milan"]
[Black "Haub, Thorsten Michael"]
[Result "0-1"]
[BlackTitle "IM"]
[WhiteElo "2205"]
[BlackElo "2429"]
[WhiteFideId "664774"]
[BlackFideId "4610776"]
[EventDate "2014.07.19"]

1. e4 g6 2. d4 Bg7 3. Nc3 d6 4. Nf3 a6 5. a4 b6 6. Be2 Nd7 7. O-O e6 8. Bg5 Ne7
9. Qd2 h6 10. Be3 Bb7 11. Rfe1 Kf8 12. Rad1 Qe8 13. h3 Kg8 14. Nh2 f5 15. Bf3
Nf6 16. exf5 Bxf3 17. Nxf3 gxf5 18. Qd3 Qd7 19. b3 Ng6 20. Bc1 Kh7 21. Qc4 Rhe8
22. g3 Ne4 23. Nxe4 fxe4 24. Nh2 d5 25. Qe2 Rf8 26. f3 c5 27. fxe4 cxd4 28. exd5
exd5 29. Qg4 Qxg4 30. Nxg4 Rac8 31. Bb2 h5 32. Nh2 h4 33. Bxd4 hxg3 34. Nf1 Nh4
35. Bxg7 Rxc2 0-1

[Event "29th Avoine Open 2014"]
[Site "Avoine FRA"]
[Date "2014.07.26"]
[Round "8.10"]
[White "Louis-sidois, Charles"]
[Black "Okhotnik, Vladimir"]
[Result "0-1"]
[BlackTitle "GM"]
[WhiteElo "1946"]
[BlackElo "2396"]
[WhiteFideId "20631570"]
[BlackFideId "14101289"]
[EventDate "2014.07.19"]

1. b3 e5 2. Bb2 Nc6 3. e3 Nf6 4. Bb5 e4 5. Na3 Bd6 6. d3 Bb4+ 7. c3 Be7 8. dxe4
Nxe4 9. Bxc6 bxc6 10. Qd3 d5 11. Nf3 O-O 12. O-O Bf6 13. Nc2 c5 14. Nd2 Bf5 15.
Nxe4 Bxe4 16. Qe2 Re8 17. Rad1 c6 18. Qd2 Qd7 19. Ne1 Rad8 20. c4 d4 21. exd4
cxd4 22. f3 Bf5 23. Nd3 Re3 24. Nc5 Qe7 25. Ba3 Re8 26. Qa5 Be5 27. Nd3 Bxh2+
28. Kxh2 Qh4+ 29. Kg1 Bxd3 30. Rf2 R3e5 0-1

[Event "29th Avoine Open 2014"]
[Site "Avoine FRA"]
[Date "2014.07.26"]
[Round "8.11"]
[White "Manea, Alexandru"]
[Black "Vavric, Pavel"]
[Result "1-0"]
[WhiteTitle "IM"]
[BlackTitle "FM"]
[WhiteElo "2373"]
[BlackElo "2235"]
[WhiteFideId "1207660"]
[BlackFideId "13902032"]
[EventDate "2014.07.19"]

1. e4 c5 2. c3 Nf6 3. e5 Nd5 4. Nf3 e6 5. d4 cxd4 6. cxd4 d6 7. a3 Nc6 8. Bd3
Be7 9. O-O O-O 10. Qe2 Bd7 11. Qe4 f5 12. exf6 Nxf6 13. Qh4 Qe8 14. Nc3 Qh5 15.
Bg5 Qxh4 16. Bxh4 Nh5 17. Bxe7 Nxe7 18. Bb5 Bc6 19. Bxc6 Nxc6 20. d5 exd5 21.
Nxd5 Nf4 22. Nxf4 Rxf4 23. Rad1 Rd8 24. Rd5 Ne7 25. Rd3 d5 26. Rc1 Nc6 27. Kf1
h6 28. Rc5 d4 29. b4 a6 30. Ne5 Nxe5 31. Rxe5 Kf7 32. g3 Rf6 33. Re4 Rfd6 34.
Ke2 a5 35. bxa5 Ra6 36. Rdxd4 Rxd4 37. Rxd4 Rxa5 38. Rd3 Ra4 39. Rb3 b5 40. Kd2
g6 41. Kc2 Rc4+ 42. Kb2 Rc5 43. Rf3+ Ke6 44. Kb3 Rd5 45. Kb4 g5 46. Rf8 g4 47.
Rf4 h5 48. f3 gxf3 49. Rxf3 Rd2 50. h4 Rb2+ 51. Rb3 Rxb3+ 52. Kxb3 Kd5 53. Kc3
Kc5 54. Kd3 Kd5 55. Ke3 Ke5 56. Kf3 Kf5 57. g4+ hxg4+ 58. Kg3 Kg6 59. Kxg4 Kh6
60. Kf5 1-0

[Event "29th Avoine Open 2014"]
[Site "Avoine FRA"]
[Date "2014.07.26"]
[Round "8.12"]
[White "Bujisho, Benjamin"]
[Black "Purenne, Benoit"]
[Result "0-1"]
[WhiteTitle "IM"]
[WhiteElo "2367"]
[BlackElo "2225"]
[WhiteFideId "608610"]
[BlackFideId "602337"]
[EventDate "2014.07.19"]

1. e4 c5 2. Nc3 g6 3. g3 Bg7 4. Bg2 Nc6 5. d3 d6 6. Be3 Nd4 7. Qd2 Qa5 8. f4 Nf6
9. h3 Nh5 10. g4 Ng3 11. Rh2 h5 12. g5 h4 13. Nf3 Nxf3+ 14. Bxf3 Be6 15. a3
O-O-O 16. Bg4 Bxc3 17. bxc3 c4 18. Bf3 d5 19. Bd4 Rhe8 20. Kf2 dxe4 21. dxe4 f5
22. gxf6 exf6 23. Qe3 f5 24. Bxa7 fxe4 25. Bb6 Qd5 26. Bg4 Rd6 27. Bd4 g5 28.
Kg1 gxf4 29. Qxf4 Bxg4 30. hxg4 Rg6 31. Rf1 Nh5 32. Qe3 Rxg4+ 33. Kf2 Ng3 34.
Rg1 Nf5 35. Rxg4 Nxe3 36. Kxe3 Qf5 37. Rf4 Qg5 38. Rxh4 Qg3+ 39. Ke2 e3 0-1

[Event "29th Avoine Open 2014"]
[Site "Avoine FRA"]
[Date "2014.07.26"]
[Round "8.13"]
[White "Salgues, Michel"]
[Black "Bon, Michael"]
[Result "0-1"]
[BlackTitle "FM"]
[WhiteElo "1739"]
[BlackElo "2353"]
[WhiteFideId "659436"]
[BlackFideId "620696"]
[EventDate "2014.07.19"]

1. Nf3 Nc6 2. g3 e5 3. d3 g6 4. Bg2 Bg7 5. O-O Nge7 6. c4 O-O 7. Nc3 h6 8. Rb1
f5 9. e4 d6 10. h3 Be6 11. Re1 fxe4 12. Nxe4 Qd7 13. g4 Rf7 14. Nh2 Raf8 15. b4
Nd4 16. b5 b6 17. Be3 d5 18. cxd5 Nxd5 19. a4 Nf4 20. Bf1 Qe7 21. Bxf4 Rxf4 22.
Re3 Bd5 23. f3 Bf6 24. Bg2 Bh4 25. Qd2 R8f7 26. Rf1 Bb7 27. Qa2 Kg7 28. Nc3 Qc5
29. Ne4 Bxe4 30. Rxe4 Ne2+ 0-1

[Event "29th Avoine Open 2014"]
[Site "Avoine FRA"]
[Date "2014.07.26"]
[Round "8.14"]
[White "Doluhanova, Evgeniya"]
[Black "Burri, Quentin"]
[Result "0-1"]
[WhiteTitle "WGM"]
[WhiteElo "2334"]
[BlackElo "2135"]
[WhiteFideId "14112035"]
[BlackFideId "26028654"]
[EventDate "2014.07.19"]

1. e4 c5 2. Nf3 d6 3. d4 cxd4 4. Nxd4 Nf6 5. Nc3 a6 6. Be3 e6 7. f3 b5 8. Qd2 b4
9. Nce2 e5 10. Nb3 Nc6 11. g4 h6 12. Bg2 Be6 13. h4 g6 14. Ng3 Rc8 15. g5 hxg5
16. Bxg5 Be7 17. Rd1 Bxb3 18. axb3 Nd4 19. c3 bxc3 20. bxc3 Nxb3 21. Qa2 Nc5 22.
Bf1 Nh5 23. Nxh5 Rxh5 24. Bc4 Bxg5 25. Bxf7+ Kd7 26. Bxg6 Rxh4 27. Bf5+ Ke7 28.
Rg1 Qb6 29. Kf1 Rch8 30. Rxg5 Rh1+ 31. Rg1 Rxg1+ 32. Kxg1 Nd3+ 33. Kg2 Nf4+ 34.
Kg3 Qe3 35. Qd2 Ne2+ 36. Kg2 Rh2+ 37. Kxh2 Qf2+ 0-1

[Event "29th Avoine Open 2014"]
[Site "Avoine FRA"]
[Date "2014.07.26"]
[Round "8.15"]
[White "Perrin, Guillaume"]
[Black "Marie, Maxime"]
[Result "1/2-1/2"]
[WhiteTitle "FM"]
[BlackTitle "CM"]
[WhiteElo "2294"]
[BlackElo "2211"]
[WhiteFideId "616931"]
[BlackFideId "625590"]
[EventDate "2014.07.19"]

1. d4 Nf6 2. Nf3 e6 3. c4 Bb4+ 4. Bd2 a5 5. g3 d5 6. Bg2 O-O 7. O-O dxc4 8. a3
Bxd2 9. Nbxd2 b5 10. a4 c6 11. Qc2 Ba6 12. Ne4 Nxe4 13. Qxe4 Ra7 14. Rfd1 Rd7
15. h4 c5 16. axb5 Bxb5 17. e3 Nc6 18. Ne5 Rd6 19. Qc2 Nb4 20. Qc3 cxd4 21. Rxd4
Rxd4 22. exd4 Qc7 23. b3 Rc8 24. Nxc4 Bxc4 1/2-1/2

[Event "29th Avoine Open 2014"]
[Site "Avoine FRA"]
[Date "2014.07.26"]
[Round "8.16"]
[White "Mills, Simon"]
[Black "Delorme, Alban"]
[Result "0-1"]
[BlackTitle "FM"]
[WhiteElo "1595"]
[BlackElo "2292"]
[WhiteFideId "26073838"]
[BlackFideId "623636"]
[EventDate "2014.07.19"]

1. d4 Nf6 2. c4 e6 3. g3 Bb4+ 4. Bd2 Qe7 5. Bg2 Nc6 6. a3 Bxd2+ 7. Qxd2 e5 8.
dxe5 Nxe5 9. b3 d6 10. Nc3 Bf5 11. h3 Nd3+ 12. Kf1 Nc5 13. Qe3 Qxe3 14. fxe3
Nxb3 15. Bxb7 Nxa1 16. Bxa8 O-O 17. e4 Be6 18. Bd5 Nc2 19. Nf3 Nxa3 20. c5 dxc5
21. Bxe6 fxe6 22. Kg2 Nc2 23. Rc1 Ne3+ 24. Kf2 Nc4 25. Kg2 Nb6 26. e5 Nfd7 27.
Nb5 c4 28. Nxc7 Nc5 29. Nd4 Nb3 30. Nxb3 cxb3 31. Rb1 Rf5 32. Nxe6 Rxe5 33. Nd4
Re3 34. Nxb3 Rxe2+ 35. Kf3 Rc2 36. Na5 Rc3+ 37. Kf2 Kf7 38. Nb3 Rc2+ 39. Kf3 Nc4
40. Ra1 Rc3+ 0-1

[Event "29th Avoine Open 2014"]
[Site "Avoine FRA"]
[Date "2014.07.26"]
[Round "8.17"]
[White "Coursaget, Nicolas"]
[Black "Viers, Emmanuel"]
[Result "1/2-1/2"]
[WhiteTitle "FM"]
[WhiteElo "2274"]
[BlackElo "2001"]
[WhiteFideId "610127"]
[BlackFideId "656739"]
[EventDate "2014.07.19"]

1. d4 d5 2. Nf3 Nf6 3. c4 e6 4. Nc3 Be7 5. Bf4 O-O 6. e3 b6 7. Qc2 c5 8. cxd5
exd5 9. Bd3 Nc6 10. a3 h6 11. O-O Nh5 12. Ne5 Nxd4 13. exd4 Nxf4 14. g3 Nxd3 15.
Nc6 Qd6 16. Nxe7+ Qxe7 17. Qxd3 Be6 18. Rfe1 cxd4 19. Qxd4 Qc5 20. Rad1 Rfd8 21.
Re5 Qxd4 22. Rxd4 Rd6 23. f4 f6 24. Re2 Kf7 25. Red2 Rad8 26. Kf2 g5 27. Kf3 h5
28. Ke3 R6d7 29. Kf3 Bg4+ 30. Kf2 Ke6 31. Ke3 Bf5 32. Kf3 Bg4+ 33. Ke3 Bf5 34.
Kf3 Bg4+ 1/2-1/2

[Event "29th Avoine Open 2014"]
[Site "Avoine FRA"]
[Date "2014.07.26"]
[Round "8.18"]
[White "Le Corre, Benjamin"]
[Black "Lukasiewicz, Krzysztof"]
[Result "0-1"]
[WhiteTitle "FM"]
[WhiteElo "2272"]
[BlackElo "1791"]
[WhiteFideId "639605"]
[BlackFideId "1166042"]
[EventDate "2014.07.19"]

1. e4 c6 2. d4 d5 3. f3 g6 4. Nc3 Bg7 5. Be3 dxe4 6. fxe4 Nf6 7. Nf3 Qa5 8. Qd2
Ng4 9. Bg1 e5 10. h3 exd4 11. Nxd4 Ne5 12. Nb3 Qc7 13. Bc5 Bf8 14. Bxf8 Rxf8 15.
O-O-O Be6 16. Nd4 Bc4 17. Qh6 Qa5 18. Qxh7 Bxa2 19. Nf3 Nxf3 20. gxf3 Qg5+ 21.
Rd2 Nd7 22. Qg7 O-O-O 23. h4 Qf4 24. Bh3 Be6 25. Ne2 Qxf3 26. Bxe6 fxe6 27. Rhd1
Qf7 28. Qxf7 Rxf7 29. Rd6 Re8 30. Nd4 Nc5 31. b4 Nxe4 32. Rxe6 Rxe6 33. Nxe6 b6
34. Rd4 Ng3 35. Kb2 Nf5 36. Rg4 Rf6 37. Nf4 Ne3 38. Rxg6 Rxf4 39. Rxc6+ Kb8 40.
Rh6 Rxb4+ 41. Kc3 Rg4 42. h5 Rh4 0-1

[Event "29th Avoine Open 2014"]
[Site "Avoine FRA"]
[Date "2014.07.26"]
[Round "8.19"]
[White "Poliniere, Matthias"]
[Black "Petre, Nad-Titus"]
[Result "0-1"]
[BlackTitle "IM"]
[WhiteElo "1541"]
[BlackElo "2371"]
[WhiteFideId "685224"]
[BlackFideId "1204165"]
[EventDate "2014.07.19"]

1. e4 c5 2. Nf3 e6 3. d4 cxd4 4. Nxd4 a6 5. Nc3 Qc7 6. Be3 Nf6 7. a3 b5 8. Qd2
Bb7 9. f3 Nc6 10. Bd3 Be7 11. O-O O-O 12. Nb3 Ne5 13. Qf2 d5 14. Bb6 Qb8 15. f4
Nxd3 16. cxd3 dxe4 17. dxe4 Bxe4 18. Bd4 Bf5 19. Rae1 b4 20. Be5 Ng4 21. Bxb8
Nxf2 22. axb4 Nd3 0-1

[Event "29th Avoine Open 2014"]
[Site "Avoine FRA"]
[Date "2014.07.26"]
[Round "8.22"]
[White "Le Borgne, Pierre"]
[Black "Lukasiewicz, Anna"]
[Result "0-1"]
[WhiteElo "2280"]
[BlackElo "2062"]
[WhiteFideId "624799"]
[BlackFideId "1104756"]
[EventDate "2014.07.19"]

1. e4 c5 2. Nf3 Nc6 3. Bb5 g6 4. Bxc6 bxc6 5. O-O Bg7 6. c3 Nf6 7. Re1 O-O 8. d4
cxd4 9. cxd4 d6 10. Nc3 Rb8 11. h3 Qc7 12. b3 c5 13. e5 dxe5 14. dxe5 Rd8 15.
exf6 Rxd1 16. Rxd1 Bxf6 17. Nd5 Qb7 18. Nxf6+ exf6 19. Bf4 Ra8 20. Rac1 g5 21.
Rd8+ Kg7 22. Be3 Bxh3 23. Rxa8 Qxa8 24. Rxc5 Bxg2 25. Kxg2 g4 26. Rf5 gxf3+ 27.
Kg3 Qe4 28. Rf4 Qb1 29. Bd4 Qxa2 30. Rxf6 Kf8 31. Rxf3 Qa5 32. Bf6 Qd5 33. b4 h5
34. Rf4 Qd6 35. Bd4 Qc7 36. Kf3 Kg8 37. Rf5 Qc6+ 38. Kf4 Qd6+ 39. Kf3 0-1

[Event "29th Avoine Open 2014"]
[Site "Avoine FRA"]
[Date "2014.07.26"]
[Round "8.23"]
[White "Eugene, Floryan"]
[Black "Le Huec, Marc"]
[Result "0-1"]
[WhiteElo "1948"]
[BlackElo "2267"]
[WhiteFideId "20694784"]
[BlackFideId "624829"]
[EventDate "2014.07.19"]

1. e4 c5 2. Nf3 Nc6 3. c3 e6 4. d4 d5 5. e5 Nge7 6. Bd3 Nf5 7. O-O cxd4 8. Bxf5
exf5 9. cxd4 Be6 10. Nc3 h6 11. Be3 Be7 12. Na4 b6 13. a3 O-O 14. b4 Qd7 15. Nb2
Rac8 16. Qd3 g5 17. Bd2 f4 18. b5 Nd8 19. Rfc1 Bf5 20. Qb3 Ne6 21. Bc3 Rc7 22.
Ne1 Rfc8 23. Nbd3 Rc4 24. Qb2 Qc7 25. Bb4 Bxb4 26. axb4 Qd7 27. Qa2 Qxb5 28.
Qxa7 Rxc1 29. Nxc1 Qxb4 30. Ncd3 Qxd4 31. Qa6 Rc3 32. Ra4 Rc4 33. Ra3 Nc5 34.
Qa8+ Kg7 35. Qd8 Nxd3 36. Qf6+ Kg8 37. Ra8+ Rc8 38. Rxc8+ Bxc8 0-1

[Event "29th Avoine Open 2014"]
[Site "Avoine FRA"]
[Date "2014.07.26"]
[Round "8.24"]
[White "Mourgues, Jean-Marie"]
[Black "Frick, Christoph"]
[Result "1/2-1/2"]
[WhiteElo "2019"]
[BlackElo "2246"]
[WhiteFideId "616869"]
[BlackFideId "4607090"]
[EventDate "2014.07.19"]

1. e4 c6 2. d4 d5 3. e5 Bf5 4. c3 e6 5. Be3 Nd7 6. Nd2 Ne7 7. Be2 c5 8. f4 Nc6
9. Ngf3 Be7 10. O-O O-O 11. Bf2 Rb8 12. a3 c4 13. b4 cxb3 14. Nxb3 Rc8 15. Bd3
Bxd3 16. Qxd3 Na5 17. Nxa5 Qxa5 18. Rfc1 Rc6 19. a4 Rfc8 20. Be1 Rc4 21. Qc2 Nf8
22. Qb3 b6 23. Bd2 Bd8 24. Qb5 a6 25. Qxa5 bxa5 26. Rcb1 Nd7 27. Rb2 Nb6 28.
Rba2 h6 29. Ne1 R4c6 30. Nd3 Nc4 31. Be1 Rb8 32. Kf2 Be7 33. Ke2 Rcb6 34. g3 Kf8
35. h3 Ke8 36. Bd2 Kd7 37. Be1 Kc6 38. g4 Rb3 39. Bd2 Na3 40. Nc1 Rb2 41. Rxa3
Bxa3 42. Rxa3 Rb1 43. Ra2 R8b2 44. Rxb2 Rxb2 45. f5 Kd7 1/2-1/2

[Event "29th Avoine Open 2014"]
[Site "Avoine FRA"]
[Date "2014.07.26"]
[Round "8.25"]
[White "Ternault, Mathieu"]
[Black "Monpeurt, Cyrielle"]
[Result "1-0"]
[WhiteElo "2220"]
[BlackElo "2045"]
[WhiteFideId "20641532"]
[BlackFideId "677400"]
[EventDate "2014.07.19"]

1. e3 d5 2. d4 Nf6 3. c4 c6 4. Nf3 Bg4 5. Nc3 e6 6. h3 Bh5 7. g4 Bg6 8. Ne5 Nbd7
9. Nxg6 hxg6 10. g5 Nh7 11. f4 Bd6 12. c5 Be7 13. Qf3 b6 14. cxb6 axb6 15. h4
Nhf8 16. Bd2 Qc7 17. Rc1 Qb7 18. Bd3 b5 19. Bb1 Nb6 20. b3 Nfd7 21. h5 gxh5 22.
Rxh5 Rxh5 23. Qxh5 b4 24. Nd1 Nf8 25. Qh8 g6 26. Qg7 Nc8 27. Nf2 Nd6 28. Ng4 Rc8
29. Ne5 Rc7 30. Qg8 Qb6 31. Rc5 Ne4 32. Qxf7+ Kd8 33. Rc1 Bd6 34. Qg8 Qb7 35.
Bxe4 dxe4 36. Nc4 Be7 37. Qg7 c5 38. dxc5 Bxc5 39. Qe5 Be7 40. Rd1 Rd7 41. Qa5+
Ke8 42. Qa4 Kd8 43. Ne5 Bxg5 44. fxg5 Qb8 45. Nc6+ 1-0

[Event "29th Avoine Open 2014"]
[Site "Avoine FRA"]
[Date "2014.07.26"]
[Round "8.26"]
[White "Gros, Patrick"]
[Black "Eden, James"]
[Result "0-1"]
[WhiteElo "1984"]
[BlackElo "2207"]
[WhiteFideId "611948"]
[BlackFideId "666491"]
[EventDate "2014.07.19"]

1. d4 Nf6 2. Nf3 g6 3. Nc3 d5 4. Bf4 c6 5. e3 Bg7 6. Be2 O-O 7. Ne5 Nfd7 8. h4
Nxe5 9. dxe5 Nd7 10. e6 fxe6 11. h5 e5 12. Bg4 exf4 13. Be6+ Kh8 14. hxg6 Nf6
15. Rxh7+ Nxh7 16. Qh5 Bxc3+ 17. bxc3 Kg7 18. Qxh7+ Kf6 19. exf4 Kxe6 20. g7 Rg8
21. O-O-O Kd6 22. c4 e6 23. cxd5 cxd5 24. Qe4 Qf6 25. Qb4+ Kc6 26. Rd3 b6 27.
Rc3+ Kb7 28. a4 a5 0-1

[Event "29th Avoine Open 2014"]
[Site "Avoine FRA"]
[Date "2014.07.26"]
[Round "8.27"]
[White "Kempinski, Andre"]
[Black "Ribeiro, Romain"]
[Result "0-1"]
[WhiteElo "1953"]
[BlackElo "2204"]
[WhiteFideId "623148"]
[BlackFideId "627275"]
[EventDate "2014.07.19"]

1. e4 c5 2. Nf3 d6 3. d4 cxd4 4. Nxd4 Nf6 5. Nc3 a6 6. Bg5 e6 7. f4 b5 8. Qf3
Bb7 9. Bd3 Be7 10. O-O-O Nbd7 11. Qh3 b4 12. e5 dxe5 13. fxe5 bxc3 14. exf6
cxb2+ 15. Kb1 Bxf6 16. Bxf6 Qxf6 17. Rhe1 Nc5 18. Bf5 Rd8 19. Bxe6 Nxe6 20. Nxe6
Rxd1+ 21. Rxd1 Qxe6 22. Qa3 f5 23. Qb4 Qc6 24. Re1+ Kd8 25. Re3 Qc7 26. Qe7+ Kc8
27. Rc3 Bc6 28. Qc5 Kb7 29. Rb3+ Bb5 30. Qxf5 Ka8 31. Qd5+ Bc6 32. Qc5 Qc8 33.
Rb6 Bb7 34. Qd4 Rd8 35. Qxg7 Be4 36. Kxb2 Qxc2+ 37. Ka3 Qc5+ 0-1

[Event "29th Avoine Open 2014"]
[Site "Avoine FRA"]
[Date "2014.07.26"]
[Round "8.29"]
[White "Pietrasanta, Jeremy"]
[Black "Amarger, Vincent"]
[Result "1-0"]
[WhiteTitle "FM"]
[WhiteElo "2179"]
[BlackElo "2035"]
[WhiteFideId "621030"]
[BlackFideId "646849"]
[EventDate "2014.07.19"]

1. d4 d6 2. c4 e5 3. Nf3 e4 4. Ng5 f5 5. Nc3 Be7 6. Nh3 c6 7. Nf4 Nf6 8. e3 O-O
9. h4 Kh8 10. h5 Na6 11. c5 d5 12. Bxa6 bxa6 13. Qa4 Qc7 14. Bd2 a5 15. Nce2 Bd8
16. Bc3 Ng4 17. Qc2 Qb7 18. Qd2 Rb8 19. f3 Nf6 20. Kf2 Qa6 21. Qc2 Kg8 22. b3
Bc7 23. a3 Bd7 24. Bd2 Rb5 25. b4 Rfb8 26. Nc3 R5b7 27. b5 cxb5 28. Ncxd5 Nxd5
29. Nxd5 Qe6 30. c6 Qxd5 31. cxb7 Bb6 32. f4 Rxb7 33. h6 g6 34. Rac1 Rc7 35. Qb2
Rxc1 36. Rxc1 Kf7 37. Ke1 Ke6 38. Ke2 Kf7 39. Be1 Ke6 40. Kf2 Ke7 41. Kg1 Be6
42. Kh2 Kd7 43. Bh4 Qb3 44. Qd2 Qa2 45. Qc3 Qc4 46. d5 Qxc3 47. dxe6+ Kxe6 48.
Rxc3 b4 49. Rb3 Kd5 50. axb4 Kc4 51. bxa5 Kxb3 52. axb6 axb6 53. Bf6 b5 54. Kh3
b4 55. Kh4 Kc2 56. Kg5 1-0